Certainty

Tallennettuna:
Bibliografiset tiedot
Päätekijä: Rosmini, Antonio
Aineistotyyppi: Kirja
Kieli:Undetermined
Julkaistu: Durham, Inglaterra Rosmini House 1991
Aiheet:
Tagit: Lisää tagi
Ei tageja, Lisää ensimmäinen tagi!

MARC

LEADER 00000nam a2200000Ia 4500
008 170316s9999 xx 000 0 und d
090 |a 100 R-34c 
100 |a Rosmini, Antonio 
245 |a Certainty 
260 |a Durham, Inglaterra 
260 |b Rosmini House 
260 |c 1991 
300 |a 347 páginas 
650 |a FILOSOFÍA 
999 |c 17448  |d 17448 
040 |a cru BVZT 
942 |c 15 D  |h 100 R-34c  |2 z